[Event "Icelandic Team Championship 2021"]
[Site "Reykjavik"]
[Date "2021.10.02"]
[Round "3.10"]
[White "Gretarsson, Helgi Ass"]
[Black "Stefansson, Hannes"]
[Result "1-0"]
[WhiteElo "2447"]
[BlackElo "2511"]

1. c4 {[%clk 01:30:57]} {[%emt 00:00:02]} c6 {[%clk 01:30:18]} {[%emt
00:00:41]} 2. Nf3 {[%clk 01:31:12]} {[%emt 00:00:16]} d5 {[%clk 01:30:22]}
{[%emt 00:00:26]} 3. e3 {[%clk 01:31:38]} {[%emt 00:00:05]} Nf6 {[%clk
01:30:24]} {[%emt 00:00:27]} 4. Nc3 {[%clk 01:32:03]} {[%emt 00:00:05]} e6
{[%clk 01:29:49]} {[%emt 00:01:05]} 5. b3 {[%clk 01:32:26]} {[%emt 00:00:08]}
Bd6 {[%clk 01:29:13]} {[%emt 00:01:04]} 6. Bb2 {[%clk 01:32:48]} {[%emt
00:00:09]} O-O {[%clk 01:27:48]} {[%emt 00:01:55]} 7. Qc2 {[%clk 01:15:52]}
{[%emt 00:17:26]} e5 {[%clk 01:25:39]} {[%emt 00:02:39]} 8. cxd5 {[%clk
01:16:12]} {[%emt 00:00:11]} cxd5 {[%clk 01:26:00]} {[%emt 00:00:08]} 9. Nb5
{[%clk 01:16:32]} {[%emt 00:00:11]} Nc6 {[%clk 01:25:47]} {[%emt 00:00:43]} 10.
Nxd6 {[%clk 01:04:50]} {[%emt 00:12:13]} Qxd6 {[%clk 01:25:45]} {[%emt
00:00:31]} 11. d4 {[%clk 01:04:29]} {[%emt 00:00:51]} e4 {[%clk 01:14:28]}
{[%emt 00:11:47]} 12. Ne5 {[%clk 01:04:49]} {[%emt 00:00:10]} Bf5 {[%clk
01:12:08]} {[%emt 00:02:50]} 13. Qc5 {[%clk 00:55:25]} {[%emt 00:09:55]} Qxc5
{[%clk 00:56:11]} {[%emt 00:16:27]} 14. dxc5 {[%clk 00:55:33]} {[%emt
00:00:23]} Nxe5 {[%clk 00:41:13]} {[%emt 00:15:28]} 15. Bxe5 {[%clk 00:55:58]}
{[%emt 00:00:05]} Rfc8 {[%clk 00:41:11]} {[%emt 00:00:31]} 16. Bd4 {[%clk
00:55:29]} {[%emt 00:00:59]} Nd7 {[%clk 00:40:33]} {[%emt 00:01:07]} 17. Rc1
{[%clk 00:55:08]} {[%emt 00:00:52]} Rc7 {[%clk 00:27:32]} {[%emt 00:13:31]} 18.
Kd2 {[%clk 00:53:48]} {[%emt 00:01:50]} f6 {[%clk 00:23:43]} {[%emt 00:04:19]}
19. Be2 {[%clk 00:47:30]} {[%emt 00:06:48]} Ne5 {[%clk 00:22:43]} {[%emt
00:01:30]} 20. f4 {[%clk 00:47:45]} {[%emt 00:00:16]} exf3 {[%clk 00:18:28]}
{[%emt 00:04:46]} 21. gxf3 {[%clk 00:48:10]} {[%emt 00:00:04]} Re8 {[%clk
00:18:17]} {[%emt 00:00:40]} 22. Rhe1 {[%clk 00:46:40]} {[%emt 00:02:00]} Bg6
{[%clk 00:17:00]} {[%emt 00:01:48]} 23. Rg1 {[%clk 00:39:54]} {[%emt 00:07:16]}
a6 {[%clk 00:16:06]} {[%emt 00:01:23]} 24. Rg3 {[%clk 00:25:54]} {[%emt
00:14:30]} Nc6 {[%clk 00:14:21]} {[%emt 00:02:14]} 25. Bf1 {[%clk 00:25:53]}
{[%emt 00:00:32]} Rce7 {[%clk 00:14:11]} {[%emt 00:00:39]} 26. f4 {[%clk
00:21:40]} {[%emt 00:04:44]} Nxd4 {[%clk 00:12:51]} {[%emt 00:01:51]} 27. exd4
{[%clk 00:22:09]} {[%emt 00:00:01]} Re4 {[%clk 00:11:51]} {[%emt 00:01:29]} 28.
Bg2 {[%clk 00:20:55]} {[%emt 00:01:45]} Re2+ {[%clk 00:11:16]} {[%emt
00:01:05]} 29. Kc3 {[%clk 00:21:23]} {[%emt 00:00:03]} Be4 {[%clk 00:10:59]}
{[%emt 00:00:46]} 30. Rg1 {[%clk 00:19:10]} {[%emt 00:02:44]} g6 {[%clk
00:11:15]} {[%emt 00:00:13]} 31. f5 {[%clk 00:16:35]} {[%emt 00:03:06]} g5
{[%clk 00:10:32]} {[%emt 00:01:13]} 32. h4 {[%clk 00:16:23]} {[%emt 00:00:41]}
h6 {[%clk 00:10:33]} {[%emt 00:00:29]} 33. hxg5 {[%clk 00:13:33]} {[%emt
00:03:21]} fxg5 {[%clk 00:10:39]} {[%emt 00:00:24]} 34. Bxe4 {[%clk 00:08:32]}
{[%emt 00:05:30]} R8xe4 {[%clk 00:11:02]} {[%emt 00:00:06]} 35. Rh1 {[%clk
00:08:53]} {[%emt 00:00:09]} Kg7 {[%clk 00:10:29]} {[%emt 00:01:03]} 36. f6+
{[%clk 00:06:23]} {[%emt 00:03:01]} Kg6 {[%clk 00:10:39]} {[%emt 00:00:18]} 37.
Rf1 {[%clk 00:06:49]} {[%emt 00:00:05]} R4e3+ {[%clk 00:04:02]} {[%emt
00:07:07]} 38. Rxe3 {[%clk 00:07:13]} {[%emt 00:00:06]} Rxe3+ {[%clk 00:04:25]}
{[%emt 00:00:06]} 39. Kb4 {[%clk 00:07:27]} {[%emt 00:00:16]} Re8 {[%clk
00:03:02]} {[%emt 00:01:53]} 40. Ka5 {[%clk 00:05:04]} {[%emt 00:02:53]} Rf8
{[%clk 00:03:27]} {[%emt 00:00:05]} 41. Kb6 {[%clk 00:01:59]} {[%emt 00:03:34]}
Rf7 {[%clk 00:03:37]} {[%emt 00:00:20]} 42. b4 {[%clk 00:02:24]} {[%emt
00:00:06]} g4 {[%clk 00:03:20]} {[%emt 00:00:47]} 43. a4 {[%clk 00:02:51]}
{[%emt 00:00:03]} h5 {[%clk 00:01:05]} {[%emt 00:02:45]} 44. b5 {[%clk
00:01:53]} {[%emt 00:01:28]} 1-0

[Event "Icelandic Team Championship 2021"]
[Site "Reykjavik"]
[Date "2021.10.02"]
[Round "3.11"]
[White "Pantzar, Milton"]
[Black "Sulypa, Oleksandr"]
[Result "1/2-1/2"]
[WhiteElo "2423"]
[BlackElo "2455"]

1. e4 {[%clk 01:30:53]} {[%emt 00:00:02]} e5 {[%clk 01:30:29]} {[%emt
00:00:32]} 2. Nf3 {[%clk 01:31:11]} {[%emt 00:00:12]} Nc6 {[%clk 01:30:46]}
{[%emt 00:00:13]} 3. Nc3 {[%clk 01:30:17]} {[%emt 00:01:25]} Nf6 {[%clk
01:29:53]} {[%emt 00:01:22]} 4. d4 {[%clk 01:30:25]} {[%emt 00:00:23]} exd4
{[%clk 01:30:13]} {[%emt 00:00:10]} 5. Nxd4 {[%clk 01:30:47]} {[%emt 00:00:08]}
Bb4 {[%clk 01:30:12]} {[%emt 00:00:31]} 6. Nxc6 {[%clk 01:30:48]} {[%emt
00:00:29]} bxc6 {[%clk 01:30:34]} {[%emt 00:00:07]} 7. Bd3 {[%clk 01:31:11]}
{[%emt 00:00:08]} O-O {[%clk 01:30:28]} {[%emt 00:00:36]} 8. O-O {[%clk
01:31:19]} {[%emt 00:00:21]} d5 {[%clk 01:30:55]} {[%emt 00:00:03]} 9. exd5
{[%clk 01:31:34]} {[%emt 00:00:15]} cxd5 {[%clk 01:31:20]} {[%emt 00:00:06]} 10.
Qf3 {[%clk 01:31:38]} {[%emt 00:00:26]} c6 {[%clk 01:21:40]} {[%emt 00:10:10]}
11. Bg5 {[%clk 01:31:43]} {[%emt 00:00:24]} h6 {[%clk 01:21:33]} {[%emt
00:00:38]} 12. Bxf6 {[%clk 01:27:19]} {[%emt 00:04:55]} Qxf6 {[%clk 01:21:39]}
{[%emt 00:00:24]} 13. Qxf6 {[%clk 01:27:40]} {[%emt 00:00:09]} gxf6 {[%clk
01:22:04]} {[%emt 00:00:04]} 14. Ne2 {[%clk 01:27:13]} {[%emt 00:00:57]} Bd6
{[%clk 01:17:03]} {[%emt 00:05:31]} 15. Nd4 {[%clk 01:20:15]} {[%emt 00:07:28]}
c5 {[%clk 00:31:24]} {[%emt 00:46:10]} 16. Nf5 {[%clk 01:19:38]} {[%emt
00:01:07]} Bxf5 {[%clk 00:31:34]} {[%emt 00:00:21]} 17. Bxf5 {[%clk 01:20:01]}
{[%emt 00:00:06]} Be5 {[%clk 00:29:13]} {[%emt 00:02:51]} 18. Rab1 {[%clk
01:13:04]} {[%emt 00:07:27]} Rfd8 {[%clk 00:28:58]} {[%emt 00:00:44]} 19. g3
{[%clk 01:06:47]} {[%emt 00:06:47]} Rab8 {[%clk 00:25:45]} {[%emt 00:03:44]} 20.
b3 {[%clk 01:06:21]} {[%emt 00:00:56]} a5 {[%clk 00:24:17]} {[%emt 00:01:58]}
21. f4 {[%clk 00:57:20]} {[%emt 00:09:30]} Bc3 {[%clk 00:22:00]} {[%emt
00:02:46]} 22. a4 {[%clk 00:40:28]} {[%emt 00:17:23]} Re8 {[%clk 00:19:30]}
{[%emt 00:03:00]} 23. Bd3 {[%clk 00:37:48]} {[%emt 00:03:09]} Re3 {[%clk
00:18:11]} {[%emt 00:01:49]} 24. Rbd1 {[%clk 00:37:20]} {[%emt 00:00:59]} d4
{[%clk 00:17:35]} {[%emt 00:01:05]} 25. Kg2 {[%clk 00:36:23]} {[%emt 00:01:28]}
Rbe8 {[%clk 00:17:57]} {[%emt 00:00:08]} 26. Kh3 {[%clk 00:35:17]} {[%emt
00:01:35]} Re1 {[%clk 00:17:15]} {[%emt 00:01:12]} 27. Rdxe1 {[%clk 00:35:16]}
{[%emt 00:00:31]} Rxe1 {[%clk 00:17:31]} {[%emt 00:00:14]} 28. Rf2 {[%clk
00:35:34]} {[%emt 00:00:12]} Kg7 {[%clk 00:16:11]} {[%emt 00:01:51]} 29. Kg4
{[%clk 00:34:51]} {[%emt 00:01:13]} Re3 {[%clk 00:16:13]} {[%emt 00:00:28]} 30.
Rg2 {[%clk 00:33:41]} {[%emt 00:01:40]} Be1 {[%clk 00:13:29]} {[%emt 00:03:13]}
31. Kf5 {[%clk 00:32:45]} {[%emt 00:01:27]} Bc3 {[%clk 00:10:57]} {[%emt
00:03:02]} 32. g4 {[%clk 00:27:46]} {[%emt 00:05:28]} Be1 {[%clk 00:11:18]}
{[%emt 00:00:08]} 33. Be4 {[%clk 00:23:12]} {[%emt 00:05:05]} Bh4 {[%clk
00:09:01]} {[%emt 00:02:47]} 34. Bd3 {[%clk 00:19:12]} {[%emt 00:04:31]} Be1
{[%clk 00:09:20]} {[%emt 00:00:10]} 35. Re2 {[%clk 00:17:57]} {[%emt 00:01:46]}
Rxe2 {[%clk 00:09:33]} {[%emt 00:00:18]} 36. Bxe2 {[%clk 00:18:21]} {[%emt
00:00:06]} Bd2 {[%clk 00:09:43]} {[%emt 00:00:20]} 1/2-1/2

[Event "Icelandic Team Championship 2021"]
[Site "Reykjavik"]
[Date "2021.10.02"]
[Round "3.12"]
[White "Ulfarsson, Magnus Orn"]
[Black "Storme, Isak"]
[Result "0-1"]
[WhiteElo "2358"]
[BlackElo "2304"]

1. e4 {[%clk 01:29:17]} {[%emt 00:01:43]} e5 {[%clk 01:30:47]} {[%emt
00:00:08]} 2. Nf3 {[%clk 01:29:32]} {[%emt 00:00:20]} Nc6 {[%clk 01:31:06]}
{[%emt 00:00:10]} 3. Bb5 {[%clk 01:29:52]} {[%emt 00:00:11]} a6 {[%clk
01:31:28]} {[%emt 00:00:07]} 4. Ba4 {[%clk 01:30:17]} {[%emt 00:00:05]} Nf6
{[%clk 01:31:51]} {[%emt 00:00:07]} 5. O-O {[%clk 01:30:29]} {[%emt 00:00:18]}
Be7 {[%clk 01:32:01]} {[%emt 00:00:20]} 6. Re1 {[%clk 01:30:21]} {[%emt
00:00:39]} b5 {[%clk 01:32:20]} {[%emt 00:00:10]} 7. Bb3 {[%clk 01:30:43]}
{[%emt 00:00:08]} O-O {[%clk 01:32:41]} {[%emt 00:00:09]} 8. c3 {[%clk
01:30:57]} {[%emt 00:00:17]} d5 {[%clk 01:32:58]} {[%emt 00:00:11]} 9. exd5
{[%clk 01:30:11]} {[%emt 00:01:18]} Nxd5 {[%clk 01:33:17]} {[%emt 00:00:11]} 10.
Nxe5 {[%clk 01:30:20]} {[%emt 00:00:21]} Nxe5 {[%clk 01:33:38]} {[%emt
00:00:09]} 11. Rxe5 {[%clk 01:30:46]} {[%emt 00:00:04]} c6 {[%clk 01:33:59]}
{[%emt 00:00:08]} 12. d4 {[%clk 01:31:03]} {[%emt 00:00:14]} Bd6 {[%clk
01:34:03]} {[%emt 00:00:25]} 13. Re2 {[%clk 01:30:10]} {[%emt 00:01:23]} Bg4
{[%clk 01:32:05]} {[%emt 00:02:29]} 14. f3 {[%clk 01:26:51]} {[%emt 00:03:49]}
Bf5 {[%clk 01:31:39]} {[%emt 00:00:55]} 15. g3 {[%clk 01:15:00]} {[%emt
00:12:21]} Qc7 {[%clk 01:12:32]} {[%emt 00:19:37]} 16. Bxd5 {[%clk 00:47:47]}
{[%emt 00:27:43]} cxd5 {[%clk 01:12:39]} {[%emt 00:00:22]} 17. Nd2 {[%clk
00:47:24]} {[%emt 00:00:53]} Rae8 {[%clk 00:59:53]} {[%emt 00:13:16]} 18. Nf1
{[%clk 00:43:39]} {[%emt 00:04:15]} Bh3 {[%clk 00:59:25]} {[%emt 00:00:59]} 19.
Bd2 {[%clk 00:24:06]} {[%emt 00:20:02]} h5 {[%clk 00:52:16]} {[%emt 00:07:41]}
20. Qe1 {[%clk 00:22:04]} {[%emt 00:02:31]} Re6 {[%clk 00:48:22]} {[%emt
00:04:24]} 21. Qf2 {[%clk 00:15:40]} {[%emt 00:06:54]} Rg6 {[%clk 00:35:30]}
{[%emt 00:13:22]} 22. Rae1 {[%clk 00:12:12]} {[%emt 00:03:58]} h4 {[%clk
00:35:08]} {[%emt 00:00:52]} 23. f4 {[%clk 00:06:34]} {[%emt 00:06:08]} Bf5
{[%clk 00:27:27]} {[%emt 00:08:10]} 24. Re8 {[%clk 00:05:27]} {[%emt 00:01:37]}
Be4 {[%clk 00:27:05]} {[%emt 00:00:52]} 25. Rxf8+ {[%clk 00:05:41]} {[%emt
00:00:16]} Kxf8 {[%clk 00:27:07]} {[%emt 00:00:28]} 26. Re2 {[%clk 00:04:28]}
{[%emt 00:01:44]} Qd7 {[%clk 00:22:10]} {[%emt 00:05:26]} 27. Be1 {[%clk
00:01:43]} {[%emt 00:03:15]} Qh3 {[%clk 00:19:36]} {[%emt 00:03:04]} 28. b3
{[%clk 00:01:16]} {[%emt 00:00:57]} f5 {[%clk 00:16:38]} {[%emt 00:03:27]} 29.
Re3 {[%clk 00:01:06]} {[%emt 00:00:39]} hxg3 {[%clk 00:15:17]} {[%emt
00:01:52]} 30. Rxg3 {[%clk 00:00:59]} {[%emt 00:00:38]} Qh5 {[%clk 00:11:07]}
{[%emt 00:04:39]} 31. Rxg6 {[%clk 00:01:17]} {[%emt 00:00:12]} Qxg6+ {[%clk
00:11:33]} {[%emt 00:00:04]} 32. Ng3 {[%clk 00:01:45]} {[%emt 00:00:01]} Qg4
{[%clk 00:11:19]} {[%emt 00:00:44]} 33. Bd2 {[%clk 00:02:08]} {[%emt 00:00:08]}
Kg8 {[%clk 00:09:56]} {[%emt 00:01:53]} 34. Qe2 {[%clk 00:02:28]} {[%emt
00:00:10]} Qxe2 {[%clk 00:07:31]} {[%emt 00:02:54]} 35. Nxe2 {[%clk 00:02:57]}
{[%emt 00:00:02]} Bb1 {[%clk 00:07:50]} {[%emt 00:00:11]} 36. Nc1 {[%clk
00:02:48]} {[%emt 00:00:39]} Kf7 {[%clk 00:03:49]} {[%emt 00:04:31]} 37. Kg2
{[%clk 00:03:09]} {[%emt 00:00:09]} Kg6 {[%clk 00:03:40]} {[%emt 00:00:39]} 38.
b4 {[%clk 00:01:05]} {[%emt 00:02:34]} Kh5 {[%clk 00:03:50]} {[%emt 00:00:20]}
39. Kg3 {[%clk 00:01:29]} {[%emt 00:00:07]} Be7 {[%clk 00:03:29]} {[%emt
00:00:50]} 40. h3 {[%clk 00:01:17]} {[%emt 00:00:43]} Bh4+ {[%clk 00:02:10]}
{[%emt 00:01:49]} 41. Kh2 {[%clk 00:01:41]} {[%emt 00:00:05]} Be4 {[%clk
00:01:47]} {[%emt 00:00:53]} 42. Nb3 {[%clk 00:01:43]} {[%emt 00:00:28]} Bf2
{[%clk 00:01:21]} {[%emt 00:00:56]} 43. Nc5 {[%clk 00:02:05]} {[%emt 00:00:09]}
Kh4 {[%clk 00:01:25]} {[%emt 00:00:25]} 44. Nxe4 {[%clk 00:00:44]} {[%emt
00:01:51]} fxe4 {[%clk 00:01:24]} {[%emt 00:00:32]} 45. Kg2 {[%clk 00:01:11]}
{[%emt 00:00:03]} e3 {[%clk 00:00:53]} {[%emt 00:01:00]} 46. Bc1 {[%clk
00:01:35]} {[%emt 00:00:07]} g6 {[%clk 00:00:38]} {[%emt 00:00:45]} 47. a3
{[%clk 00:01:08]} {[%emt 00:00:56]} Be1 {[%clk 00:00:43]} {[%emt 00:00:25]} 48.
Bxe3 {[%clk 00:00:45]} {[%emt 00:00:54]} Bxc3 {[%clk 00:01:09]} {[%emt
00:00:04]} 49. Bf2+ {[%clk 00:01:11]} {[%emt 00:00:04]} Kh5 {[%clk 00:01:33]}
{[%emt 00:00:06]} 50. Kf3 {[%clk 00:01:15]} {[%emt 00:00:26]} Bb2 {[%clk
00:01:46]} {[%emt 00:00:17]} 51. f5 {[%clk 00:00:36]} {[%emt 00:01:09]} gxf5
{[%clk 00:02:04]} {[%emt 00:00:11]} 52. Kf4 {[%clk 00:01:05]} {[%emt 00:00:01]}
Bxa3 {[%clk 00:01:40]} {[%emt 00:00:54]} 53. Be1 {[%clk 00:01:25]} {[%emt
00:00:10]} Bb2 {[%clk 00:00:40]} {[%emt 00:01:31]} 54. Ke5 {[%clk 00:01:33]}
{[%emt 00:00:22]} f4 {[%clk 00:00:41]} {[%emt 00:00:28]} 55. Kxd5 {[%clk
00:01:49]} {[%emt 00:00:14]} f3 {[%clk 00:01:04]} {[%emt 00:00:07]} 56. Ke4
{[%clk 00:02:06]} {[%emt 00:00:12]} Bc3 {[%clk 00:01:10]} {[%emt 00:00:25]} 57.
Bf2 {[%clk 00:02:15]} {[%emt 00:00:21]} Bxb4 {[%clk 00:01:19]} {[%emt
00:00:21]} 58. Kxf3 {[%clk 00:02:42]} {[%emt 00:00:03]} a5 {[%clk 00:00:52]}
{[%emt 00:00:57]} 59. Ke4 {[%clk 00:02:55]} {[%emt 00:00:18]} a4 {[%clk
00:00:52]} {[%emt 00:00:29]} 60. Kd3 {[%clk 00:03:11]} {[%emt 00:00:14]} Bd6
{[%clk 00:00:45]} {[%emt 00:00:37]} 61. Be1 {[%clk 00:01:27]} {[%emt 00:02:13]}
b4 {[%clk 00:00:47]} {[%emt 00:00:28]} 62. Kc4 {[%clk 00:01:29]} {[%emt
00:00:28]} b3 {[%clk 00:00:44]} {[%emt 00:00:34]} 63. Bc3 {[%clk 00:00:42]}
{[%emt 00:01:17]} Kh4 {[%clk 00:00:53]} {[%emt 00:00:21]} 64. Bb2 {[%clk
00:00:33]} {[%emt 00:00:39]} Kxh3 {[%clk 00:01:11]} {[%emt 00:00:12]} 65. Bc1
{[%clk 00:00:37]} {[%emt 00:00:26]} Kg4 {[%clk 00:01:19]} {[%emt 00:00:23]} 66.
Kc3 {[%clk 00:00:40]} {[%emt 00:00:27]} Kf3 {[%clk 00:01:26]} {[%emt 00:00:22]}
67. Bh6 {[%clk 00:00:36]} {[%emt 00:00:34]} Ke4 {[%clk 00:01:05]} {[%emt
00:00:50]} 68. Bg7 {[%clk 00:00:58]} {[%emt 00:00:09]} Bb4+ {[%clk 00:01:08]}
{[%emt 00:00:26]} 69. Kb2 {[%clk 00:01:17]} {[%emt 00:00:11]} Kd5 {[%clk
00:01:28]} {[%emt 00:00:10]} 70. Bh8 {[%clk 00:01:26]} {[%emt 00:00:22]} Kc4
{[%clk 00:01:48]} {[%emt 00:00:09]} 71. d5 {[%clk 00:01:39]} {[%emt 00:00:18]}
a3+ {[%clk 00:02:04]} {[%emt 00:00:14]} 72. Kb1 {[%clk 00:01:58]} {[%emt
00:00:10]} Bc3 {[%clk 00:02:10]} {[%emt 00:00:24]} 73. Bxc3 {[%clk 00:01:55]}
{[%emt 00:00:33]} Kxc3 {[%clk 00:02:35]} {[%emt 00:00:04]} 0-1

[Event "Icelandic Team Championship 2021"]
[Site "Reykjavik"]
[Date "2021.10.02"]
[Round "3.13"]
[White "Petersson, Baldur Teodor"]
[Black "Johannesson, Ingvar Thor"]
[Result "1/2-1/2"]
[WhiteElo "2214"]
[BlackElo "2346"]

1. e4 {[%clk 01:30:56]} {[%emt 00:00:03]} e6 {[%clk 01:30:52]} {[%emt
00:00:09]} 2. d3 {[%clk 01:31:20]} {[%emt 00:00:07]} d5 {[%clk 01:31:14]}
{[%emt 00:00:08]} 3. Nd2 {[%clk 01:31:44]} {[%emt 00:00:06]} Nf6 {[%clk
01:31:37]} {[%emt 00:00:06]} 4. Ngf3 {[%clk 01:32:09]} {[%emt 00:00:05]} Nc6
{[%clk 01:31:53]} {[%emt 00:00:14]} 5. c3 {[%clk 01:32:17]} {[%emt 00:00:22]}
a5 {[%clk 01:31:58]} {[%emt 00:00:25]} 6. e5 {[%clk 01:32:15]} {[%emt
00:00:32]} Nd7 {[%clk 01:32:20]} {[%emt 00:00:08]} 7. d4 {[%clk 01:32:40]}
{[%emt 00:00:05]} f6 {[%clk 01:32:10]} {[%emt 00:00:41]} 8. Bb5 {[%clk
01:32:50]} {[%emt 00:00:18]} Be7 {[%clk 01:23:05]} {[%emt 00:09:36]} 9. exf6
{[%clk 01:32:50]} {[%emt 00:00:30]} Bxf6 {[%clk 01:23:21]} {[%emt 00:00:13]} 10.
O-O {[%clk 01:33:04]} {[%emt 00:00:17]} O-O {[%clk 01:22:54]} {[%emt 00:00:57]}
11. Re1 {[%clk 01:32:54]} {[%emt 00:00:39]} Re8 {[%clk 01:18:57]} {[%emt
00:04:27]} 12. Nf1 {[%clk 01:32:53]} {[%emt 00:00:32]} Ncb8 {[%clk 00:55:44]}
{[%emt 00:23:44]} 13. Bd3 {[%clk 01:11:36]} {[%emt 00:21:47]} b6 {[%clk
00:43:02]} {[%emt 00:13:12]} 14. Ne3 {[%clk 00:58:46]} {[%emt 00:13:20]} Ba6
{[%clk 00:38:39]} {[%emt 00:04:53]} 15. Bb1 {[%clk 00:57:10]} {[%emt 00:02:06]}
c5 {[%clk 00:34:52]} {[%emt 00:04:18]} 16. Ng4 {[%clk 00:48:48]} {[%emt
00:08:51]} Nc6 {[%clk 00:33:15]} {[%emt 00:02:07]} 17. Re3 {[%clk 00:19:25]}
{[%emt 00:29:54]} Nf8 {[%clk 00:26:39]} {[%emt 00:07:06]} 18. Nfe5 {[%clk
00:18:56]} {[%emt 00:00:59]} Bxe5 {[%clk 00:11:43]} {[%emt 00:15:26]} 19. Nxe5
{[%clk 00:19:17]} {[%emt 00:00:09]} Nxe5 {[%clk 00:11:07]} {[%emt 00:01:06]} 20.
Rxe5 {[%clk 00:19:40]} {[%emt 00:00:07]} Qf6 {[%clk 00:08:54]} {[%emt
00:02:42]} 21. Bg5 {[%clk 00:18:07]} {[%emt 00:02:03]} Qf7 {[%clk 00:08:44]}
{[%emt 00:00:40]} 22. Re3 {[%clk 00:18:24]} {[%emt 00:00:13]} cxd4 {[%clk
00:07:10]} {[%emt 00:02:05]} 23. Qxd4 {[%clk 00:17:33]} {[%emt 00:01:21]} e5
{[%clk 00:05:29]} {[%emt 00:02:11]} 24. Qxb6 {[%clk 00:15:43]} {[%emt
00:02:19]} Qh5 {[%clk 00:04:55]} {[%emt 00:01:03]} 25. h4 {[%clk 00:08:07]}
{[%emt 00:08:07]} h6 {[%clk 00:05:08]} {[%emt 00:00:17]} 26. Bf6 {[%clk
00:08:03]} {[%emt 00:00:34]} Re6 {[%clk 00:03:40]} {[%emt 00:01:59]} 27. Rg3
{[%clk 00:07:55]} {[%emt 00:00:38]} Rxb6 {[%clk 00:00:44]} {[%emt 00:03:26]} 28.
Rxg7+ {[%clk 00:08:18]} {[%emt 00:00:06]} Kh8 {[%clk 00:01:10]} {[%emt
00:00:03]} 29. Rh7+ {[%clk 00:08:43]} {[%emt 00:00:05]} Kg8 {[%clk 00:01:36]}
{[%emt 00:00:04]} 30. Rg7+ {[%clk 00:09:09]} {[%emt 00:00:04]} 1/2-1/2

[Event "Icelandic Team Championship 2021"]
[Site "Reykjavik"]
[Date "2021.10.02"]
[Round "3.14"]
[White "Birkisson, Bardur Orn"]
[Black "Gretarsson, Andri A"]
[Result "0-1"]
[WhiteElo "2163"]
[BlackElo "2263"]

1. c4 {[%clk 01:30:54]} {[%emt 00:00:05]} c5 {[%clk 01:29:28]} {[%emt
00:01:33]} 2. g3 {[%clk 01:30:58]} {[%emt 00:00:26]} g6 {[%clk 01:28:34]}
{[%emt 00:01:25]} 3. Bg2 {[%clk 01:30:57]} {[%emt 00:00:30]} Bg7 {[%clk
01:29:00]} {[%emt 00:00:05]} 4. Nc3 {[%clk 01:31:02]} {[%emt 00:00:24]} Nc6
{[%clk 01:29:08]} {[%emt 00:00:22]} 5. Nf3 {[%clk 01:30:35]} {[%emt 00:00:57]}
e6 {[%clk 01:24:14]} {[%emt 00:05:26]} 6. d4 {[%clk 01:28:42]} {[%emt
00:02:22]} Nxd4 {[%clk 01:08:58]} {[%emt 00:15:46]} 7. Nxd4 {[%clk 01:28:04]}
{[%emt 00:01:08]} cxd4 {[%clk 01:08:14]} {[%emt 00:01:15]} 8. Ne4 {[%clk
01:24:42]} {[%emt 00:03:52]} d5 {[%clk 00:51:19]} {[%emt 00:17:26]} 9. cxd5
{[%clk 01:12:24]} {[%emt 00:12:47]} exd5 {[%clk 00:45:36]} {[%emt 00:06:13]} 10.
Qa4+ {[%clk 01:11:39]} {[%emt 00:01:15]} Kf8 {[%clk 00:44:42]} {[%emt
00:01:24]} 11. Qa3+ {[%clk 01:07:40]} {[%emt 00:04:28]} Qe7 {[%clk 00:42:11]}
{[%emt 00:03:02]} 12. Qxe7+ {[%clk 00:57:25]} {[%emt 00:10:44]} Nxe7 {[%clk
00:40:02]} {[%emt 00:02:39]} 13. Nd6 {[%clk 00:56:37]} {[%emt 00:01:19]} b6
{[%clk 00:37:42]} {[%emt 00:02:50]} 14. Nxc8 {[%clk 00:55:38]} {[%emt
00:01:29]} Rxc8 {[%clk 00:37:54]} {[%emt 00:00:18]} 15. Kd1 {[%clk 00:53:35]}
{[%emt 00:02:32]} f5 {[%clk 00:28:14]} {[%emt 00:10:11]} 16. Rb1 {[%clk
00:44:54]} {[%emt 00:09:10]} Kf7 {[%clk 00:28:08]} {[%emt 00:00:37]} 17. Bf4
{[%clk 00:37:01]} {[%emt 00:08:22]} Ke6 {[%clk 00:27:21]} {[%emt 00:01:17]} 18.
h4 {[%clk 00:29:06]} {[%emt 00:08:25]} Bf6 {[%clk 00:26:29]} {[%emt 00:01:23]}
19. Bh3 {[%clk 00:24:22]} {[%emt 00:05:14]} h6 {[%clk 00:23:55]} {[%emt
00:03:04]} 20. Bd2 {[%clk 00:16:48]} {[%emt 00:08:03]} g5 {[%clk 00:23:13]}
{[%emt 00:01:13]} 21. hxg5 {[%clk 00:15:03]} {[%emt 00:02:15]} hxg5 {[%clk
00:23:35]} {[%emt 00:00:08]} 22. g4 {[%clk 00:12:30]} {[%emt 00:03:03]} f4
{[%clk 00:19:25]} {[%emt 00:04:41]} 23. Bg2 {[%clk 00:09:30]} {[%emt 00:03:28]}
Nc6 {[%clk 00:16:31]} {[%emt 00:03:25]} 24. Rxh8 {[%clk 00:03:23]} {[%emt
00:06:37]} Rxh8 {[%clk 00:16:59]} {[%emt 00:00:03]} 25. Rc1 {[%clk 00:01:43]}
{[%emt 00:02:10]} Kd6 {[%clk 00:16:39]} {[%emt 00:00:49]} 26. b4 {[%clk
00:00:48]} {[%emt 00:01:25]} d3 {[%clk 00:16:24]} {[%emt 00:00:46]} 27. exd3
{[%clk 00:00:56]} {[%emt 00:00:22]} Rh2 {[%clk 00:15:10]} {[%emt 00:01:44]} 28.
b5 {[%clk 00:01:16]} {[%emt 00:00:10]} Nd4 {[%clk 00:15:20]} {[%emt 00:00:20]}
29. Bb4+ {[%clk 00:01:33]} {[%emt 00:00:13]} Ke6 {[%clk 00:15:16]} {[%emt
00:00:33]} 30. Bf1 {[%clk 00:00:56]} {[%emt 00:01:07]} Rxf2 {[%clk 00:15:23]}
{[%emt 00:00:23]} 31. Ke1 {[%clk 00:01:17]} {[%emt 00:00:09]} Rxa2 {[%clk
00:14:41]} {[%emt 00:01:11]} 32. Rb1 {[%clk 00:00:35]} {[%emt 00:01:12]} Nc2+
{[%clk 00:14:38]} {[%emt 00:00:34]} 33. Kd1 {[%clk 00:00:51]} {[%emt 00:00:15]}
Ne3+ {[%clk 00:14:23]} {[%emt 00:00:45]} 34. Ke1 {[%clk 00:01:10]} {[%emt
00:00:10]} f3 {[%clk 00:14:30]} {[%emt 00:00:23]} 35. Bd2 {[%clk 00:01:07]}
{[%emt 00:00:32]} Bc3 {[%clk 00:14:27]} {[%emt 00:00:33]} 0-1